000 00650nam1a22002171i 4500
001 rc\686010
005 20240723231215.0
035 _a(NLR Aleph) 005954086
090 _a6790722
_c6790722
100 _a20031121d1985 u |0rusy50 ca
101 0 _arus
102 _aRU
105 _ay |||||||||
200 1 _aГосударственный бюджет Калмыкской АССР...
_eПроект
_eВнесен Советом Министров КалмАССР
210 _aЭлиста
_cБ. и.
_d1985
215 _d20
333 _aДСП
801 0 _aRU
_bNLR
_gpsbo
801 1 _aRU
_bELAR
_2rusmarc
852 _aNLR
_j86-50К/8589
942 _cBOOK